000 00457cam a22001457a 4500
008 180718b1996 xxu||||| |||| 00| 0 eng d
082 _aZ000 Sw22
245 _aAgrobiodiversity and farmers' rights
_cedited by M.S. Swaminathan
260 _aDelhi
_bKonark
_c1996
300 _a303p.
650 _afarmers - Legal status, laws, etc.
650 _aBiological diversity - India
650 _aAgricultural diversification - India
700 _aSwaminathan, M.S.
999 _c380809
_d380809